[Event "Munich op 23rd"]
[Site "Munich"]
[Date "2003.10.01"]
[Round "5"]
[White "Schenk, Andreas"]
[Black "Huebner, Lothar"]
[Result "1-0"]
[WhiteElo "2491"]
[BlackElo "2268"]
[PlyCount "87"]
[EventDate "2003.09.27"]
[EventType "swiss"]
[EventRounds "9"]
[EventCountry "GER"]
[SourceTitle "EXT 2004"]
[Source "ChessBase"]
[SourceDate "2003.11.25"]
[SourceVersion "1"]
[SourceVersionDate "2003.11.25"]
[SourceQuality "1"]

1. d4 e6 2. c4 f5 3. Nc3 Bb4 4. Qb3 Qe7 5. g3 Nf6 6. a3 Bxc3+ 7. Qxc3 0-0 8. Bg2 Nc6 9. Nf3 Ne4 10. Qc2 d6 11. d5 exd5 12. cxd5 Ne5 13. 0-0 Nxf3+ 14. exf3 Nf6 15. Bg5 Bd7 16. Qxc7 Rfc8 17. Qxb7 Rab8 18. Qxa7 Rxb2 19. Rfe1 Qd8 20. Rec1 Rcc2 21. Bxf6 gxf6 22. Rxc2 Rxc2 23. Qd4 Kf7 24. Bf1 Qa5 25. Rb1 Qc5 26. Qxc5 Rxc5 27. Rb4 Rc3 28. a4 Rxf3 29. a5 Ra3 30. Rb7 Ke8 31. Rb8+ Ke7 32. a6 Ra1 33. f4 h6 34. Kf2 Ra2+ 35. Ke3 Ra1 36. Bc4 Ra4 37. Kd3 Ra3+ 38. Kc2 Ra1 39. Rb7 Kd8 40. a7 Bc8 41. Rh7 Ra3 42. Bb5 Ra2+ 43. Kb3 Ra5 44. Bc6 1-0

[Event "Regionalliga SW 9596"]
[Site "Bayern"]
[Date "1996.??.??"]
[Round "?"]
[White "Foerch, August"]
[Black "Huebner, Lothar"]
[Result "1/2-1/2"]
[WhiteElo "1900"]
[BlackElo "2170"]
[PlyCount "130"]
[EventDate "1995.10.??"]
[EventType "team-tourn"]
[EventRounds "9"]
[EventCountry "GER"]
[SourceTitle "EXT 1999"]
[Source "ChessBase"]
[SourceDate "1998.11.16"]
[SourceVersion "1"]
[SourceVersionDate "1998.11.16"]
[SourceQuality "1"]
[WhiteTeam "Tuerkheim"]
[BlackTeam "Augsburg SG 1873"]
[WhiteTeamCountry "GER"]
[BlackTeamCountry "GER"]

1. d4 d6 2. Nf3 Bg4 3. e4 Nc6 4. c3 e5 5. d5 Nb8 6. h3 Bc8 7. Bd3 g6 8. Na3 Bg7 9. Be3 Ne7 10. Qa4+ Nd7 11. g4 h5 12. 0-0-0 Kf8 13. Nh2 Nf6 14. g5 Nd7 15. h4 Kg8 16. Rdf1 Kh7 17. f4 exf4 18. Rxf4 Rf8 19. Qc2 Qe8 20. Rf2 Nxd5 21. Bd2 N5b6 22. Rhf1 Ne5 23. Nb5 Qe7 24. Nf3 Be6 25. Nxe5 Bxe5 26. Nd4 Rae8 27. Nxe6 fxe6 28. Be1 Kg7 29. Qe2 Rxf2 30. Qxf2 Rf8 31. Qxf8+ Qxf8 32. Rxf8 Kxf8 33. b3 Nd7 34. c4 Bd4 35. Kd1 Ne5 36. Be2 Ke7 37. Kc2 Be3 38. Kc3 c6 39. Bg3 Kd7 40. Kc2 Bd4 41. Kd2 Ke7 42. Kc2 d5 43. exd5 exd5 44. cxd5 cxd5 45. Kd2 Ke6 46. Bf1 Bc5 47. Bh3+ Ng4 48. Ke2 a6 49. Kf3 Kf5 50. Bf1 Ne5+ 51. Bxe5 Kxe5 52. Bd3 Bb4 53. Kg3 Be1+ 54. Kh3 a5 55. Bxg6 b6 56. Bxh5 Kf5 57. Be2 Bf2 58. g6 Bd4 59. h5 Kg5 60. Kg2 Kh6 61. Bf3 Kg7 62. Bxd5 Bb2 63. Kg3 Bc1 64. Kg4 Bd2 65. Kf5 Bc1 1/2-1/2

[Event "Regionalliga SW 9495"]
[Site "Bayern"]
[Date "1995.??.??"]
[Round "?.1"]
[White "Huebner, Lothar"]
[Black "Stoer, Andreas"]
[Result "1/2-1/2"]
[WhiteElo "2130"]
[BlackElo "2120"]
[PlyCount "23"]
[EventDate "1994.10.??"]
[EventType "team-tourn"]
[EventRounds "9"]
[EventCountry "GER"]
[SourceTitle "EXT 1999"]
[Source "ChessBase"]
[SourceDate "1998.11.16"]
[SourceVersion "1"]
[SourceVersionDate "1998.11.16"]
[SourceQuality "1"]
[WhiteTeam "Augsburg SG 1873"]
[BlackTeam "Kriegshaber SK"]
[WhiteTeamCountry "GER"]
[BlackTeamCountry "GER"]

1. c4 e5 2. Nc3 Nc6 3. g3 g6 4. Bg2 Bg7 5. d3 f5 6. Nf3 Nf6 7. 0-0 d6 8. Rb1 a5 9. a3 0-0 10. b4 axb4 11. axb4 h6 12. b5 1/2-1/2